[Event "BLR-ch 1st Stage Men 2020"]
[Site "Minsk"]
[Date "2020.02.01"]
[Round "4.5"]
[White "Kuleshov, Konstantin"]
[Black "Podolchenko, Evgeniy"]
[Result "1/2-1/2"]
[WhiteElo "2076"]
[BlackElo "2394"]
[Annotator "NA"]
[PlyCount "65"]
[EventDate "2020.02.01"]
[EventType "swiss"]
[EventCountry "BLR"]
[SourceTitle "playchess.com"]
[Source "ChessBase"]
[SourceQuality "1"]
[TimeControl "40/5400+30:1800+30"]

1. Nf3 {[%emt 0:00:00]} Nf6 {[%emt 0:00:00]} 2. c4 {[%emt 0:00:00]} c5 {[%emt 0:00:56]} 3. g3 {[%emt 0:00:11]} b6 {[%emt 0:00:04]} 4. Bg2 {[%emt 0:00:06]} Bb7 {[%emt 0:00:03]} 5. O-O {[%emt 0:00:11]} e6 {[%emt 0:00:04]} 6. Nc3 {[%emt 0:00:06]} a6 {[%emt 0:00:07]} 7. Re1 {[%emt 0:00:19]} d6 {[%emt 0:00:16]} 8. e4 {[%emt 0:00:08]} Be7 {[%emt 0:00:04]} 9. d4 {[%emt 0:00:23]} cxd4 {[%emt 0:00:05]} 10. Nxd4 {[%emt 0:00:04]} Qc7 {[%emt 0:00:05]} 11. Be3 {[%emt 0:00:49]} Nbd7 {[%emt 0:00:15]} 12. Rc1 {[%emt 0:00:41]} Rc8 {[%emt 0:00:50]} 13. h3 {[%emt 0:00:39]} Qb8 {[%emt 0:01:37]} 14. b3 {[%emt 0:06:47]} O-O {[%emt 0:01:09]} 15. f4 {[%emt 0:01:31]} Rfe8 {[%emt 0:00:54]} 16. Bf2 {[%emt 0:06:10]} Qa8 {[%emt 0:02:54]} 17. Bf3 {[%emt 0:05:22]} Nc5 {[%emt 0:11:13]} 18. Qe2 {[%emt 0:00:50]} d5 {[%emt 0:01:22]} 19. cxd5 {[%emt 0:16:10]} exd5 {[%emt 0:00:07]} 20. e5 {[%emt 0:05:36]} Nfe4 {[%emt 0:00:50]} 21. Bg4 {[%emt 0:15:11]} Nxb3 {[%emt 0:04:57]} 22. axb3 {[%emt 0:00:50]} Rxc3 {[%emt 0:00:26]} 23. Bd7 {[%emt 0:02:56]} Rd8 {[%emt 0:15:00]} 24. e6 {[%emt 0:03:53]} Rxc1 {[%emt 0:00:29]} 25. Rxc1 {[%emt 0:00:06]} fxe6 {[%emt 0:00:52]} 26. Bxe6+ {[%emt 0:00:43]} Kh8 {[%emt 0:00:06]} 27. Rc7 {[%emt 0:02:43]} Bf6 {[%emt 0:08:09]} 28. Qh5 {[%emt 0:03:27]} Bc8 {[%emt 0:09:58]} 29. Bxd5 {[%emt 0:08:50]} Qxd5 {[%emt 0:00:24]} 30. Qxd5 {[%emt 0:00:05]} Rxd5 {[%emt 0:00:11]} 31. Rxc8+ {[%emt 0:00:08]} Rd8 {[%emt 0:00:17]} 32. Rxd8+ {[%emt 0:00:39]} Bxd8 {[%emt 0:00:02]} 33. Ne6 {[%emt 0:00:22]} 1/2-1/2

[Event "BLR-ch 1st Stage Men 2020"]
[Site "Minsk"]
[Date "2020.02.01"]
[Round "4.6"]
[White "Maiorov, Nikita"]
[Black "Minald, Andrey"]
[Result "1/2-1/2"]
[WhiteElo "2519"]
[BlackElo "2076"]
[Annotator "TA"]
[PlyCount "123"]
[EventDate "2020.02.01"]
[EventType "swiss"]
[EventCountry "BLR"]
[SourceTitle "playchess.com"]
[Source "ChessBase"]
[SourceQuality "1"]

{[%evp 18,123,-14,-48,-41,-59,-37,-26,-8,-15,-20,-104,-87,-95,-58,-47,-49,-83,-60,-74,-29,-40,-36,-54,-30,-48,-39,-56,-37,-54,-18,-20,-1,-1,0,-9,0,-4,0,0,16,15,25,25,25,25,25,25,55,40,44,44,44,44,37,28,72,16,29,23,75,75,75,75,154,166,143,74,74,75,185,158,296,285,278,241,232,166,141,73,77,82,57,0,0,0,0,-7,0,0,85,85,85,85,85,85,85,85,85,85,85,85,85,85,85,85,85,85]} 1. d4 d5 2. c4 e6 3. Nf3 Nf6 4. e3 a6 5. Nc3 dxc4 6. Bxc4 b5 7. Bd3 c5 8. O-O Bb7 9. a4 b4 10. Nb1 Nc6 {[%cal Bb8c6,Bc6a5,Ba5b3][%mdl 32] D27: Queen's Gambit Accepted: Classical main line: 7 e4!? and 7 a4.} 11. dxc5 Bxc5 {[#]} 12. Qc2 $146 ({Predecessor:} 12. Qe2 O-O 13. Rd1 Qc7 14. Nbd2 e5 15. Ne4 Be7 16. Bd2 Na5 17. Rac1 Qb6 18. Nxf6+ Bxf6 {0-1 (42) Shakespeare,J (1930)-Dilleigh,S (2075) Llandudno 2017}) 12... Qe7 {Black has an edge.} 13. Nbd2 Na5 14. Nb3 (14. b3 $11 {keeps the balance.}) 14... Nxb3 $17 15. Qxb3 Bxf3 16. gxf3 O-O 17. Bd2 Rfd8 18. Rfd1 Qb7 19. Be2 a5 20. Be1 Nd5 21. Bf1 Nb6 22. Bg2 Qc7 23. Rac1 Rxd1 24. Qxd1 Qd7 25. Qxd7 Nxd7 26. Bf1 {[#] Threatens to win with Bb5.} Rc8 27. Bb5 $36 {[%mdl 2048] Black is under pressure.} Ne5 28. Kg2 g5 29. Bd2 {Threatening e4.} Rc7 30. e4 f6 31. f4 gxf4 32. Bxf4 Kf7 33. Bg3 Bb6 34. Rxc7+ Bxc7 $14 {[%mdl 4096] Endgame KBB-KBN} 35. f4 Ng6 36. Kf3 Bb6 37. h4 ({White should try} 37. f5 $16 Ne5+ 38. Bxe5 fxe5 39. Bc4) 37... e5 38. fxe5 fxe5 (38... Nxe5+ $11 39. Ke2 Ke7) 39. Kg4 Nf4 40. h5 Bd4 (40... h6 $142) 41. b3 $16 Ng2 42. Bc4+ (42. Kg5 $142) 42... Kg7 {Hoping for ...Ne3+.} 43. Bd3 Nf4 (43... Kf6 $16) 44. Bb5 $18 Kf7 {[#]} (44... Bb6 $16 {was worth a try.} 45. Kf5 (45. Bxf4 exf4 46. Kxf4 Bd4 $16) 45... Bc7) 45. Bh4 $1 Bb6 46. h6 Ng2 47. Bg3 Bd4 48. Kf3 ({White should play} 48. Kg5) 48... Nf4 $16 49. Bh4 {Black must now prevent Bc4+.} Bb6 50. Bg5 ({Better is} 50. Bd7 $14) 50... Ne6 $11 51. Bc4 {Kg4 is the strong threat.} Kg6 52. Be7 Ng5+ 53. Kg4 Nxe4 (53... Nf7 $11 {remains equal.}) 54. Bd3 $16 {White is better.} Kf7 {And now ...Nf2+ would win.} 55. Bxe4 Kxe7 56. Bxh7 {KB-KB} Be3 57. Kh5 Kf6 58. Be4 Bf4 59. h7 Kg7 60. Kg4 Bh2 61. Kf3 Bf4 62. Ke2 {Accuracy: White = 78%, Black = 73%.} 1/2-1/2

[Event "BLR-ch 1st Stage Men 2020"]
[Site "Minsk"]
[Date "2020.02.01"]
[Round "4.7"]
[White "Lazavik, Denis"]
[Black "Sheremet, Anton"]
[Result "1-0"]
[WhiteElo "2411"]
[BlackElo "2052"]
[Annotator "NA"]
[PlyCount "65"]
[EventDate "2020.02.01"]
[EventType "swiss"]
[EventCountry "BLR"]
[SourceTitle "playchess.com"]
[Source "ChessBase"]
[SourceQuality "1"]
[TimeControl "40/5400+30:1800+30"]

1. d4 {[%emt 0:00:00]} f5 {[%emt 0:00:00]} 2. Nf3 {[%emt 0:00:23]} g6 {[%emt 0:00:01]} 3. g3 {[%emt 0:00:27]} Bg7 {[%emt 0:00:10]} 4. Bg2 {[%emt 0:00:16]} Nf6 {[%emt 0:00:11]} 5. O-O {[%emt 0:00:47]} O-O {[%emt 0:00:12]} 6. b3 {[%emt 0:00:16]} c5 {[%emt 0:00:50]} 7. e3 {[%emt 0:00:43]} Ne4 {[%emt 0:04:25]} 8. Bb2 {[%emt 0:01:44]} Nc6 {[%emt 0:03:24]} 9. c4 {[%emt 0:04:16]} d6 {[%emt 0:00:24]} 10. Nc3 {[%emt 0:03:33]} Nxc3 {[%emt 0:04:19]} 11. Bxc3 {[%emt 0:00:22]} Qc7 {[%emt 0:04:21]} 12. Rc1 {[%emt 0:09:38]} Rd8 {[%emt 0:02:44]} 13. d5 {[%emt 0:17:45]} Bxc3 {[%emt 0:01:14]} 14. Rxc3 {[%emt 0:00:24]} Ne5 {[%emt 0:00:16]} 15. e4 {[%emt 0:01:52]} e6 {[%emt 0:14:19]} 16. Nxe5 {[%emt 0:14:37]} dxe5 {[%emt 0:00:07]} 17. exf5 {[%emt 0:00:23]} exf5 {[%emt 0:00:08]} 18. Re3 {[%emt 0:00:47]} Qd6 {[%emt 0:11:13]} 19. Rfe1 {[%emt 0:03:19]} e4 {[%emt 0:00:14]} 20. f3 {[%emt 0:01:55]} exf3 {[%emt 0:00:06]} 21. Qxf3 {[%emt 0:00:19]} Bd7 {[%emt 0:00:27]} 22. Qf4 {[%emt 0:00:55]} Qxf4 {[%emt 0:01:28]} 23. gxf4 {[%emt 0:00:06]} Re8 {[%emt 0:05:25]} 24. d6 {[%emt 0:06:30]} Rxe3 {[%emt 0:00:33]} 25. Rxe3 {[%emt 0:00:09]} Bc6 {[%emt 0:08:33]} 26. Bxc6 {[%emt 0:02:24]} bxc6 {[%emt 0:00:06]} 27. Re7 {[%emt 0:00:58]} Rd8 {[%emt 0:00:10]} 28. d7 {[%emt 0:00:29]} Kf8 {[%emt 0:00:06]} 29. Rxh7 {[%emt 0:00:06]} Kg8 {[%emt 0:00:03]} 30. Re7 {[%emt 0:00:38]} Kf8 {[%emt 0:00:06]} 31. Re8+ {[%emt 0:02:11]} Rxe8 {[%emt 0:00:06]} 32. dxe8=Q+ {[%emt 0:00:09]} Kxe8 {[%emt 0:00:11]} 33. Kf2 {[%emt 0:00:11]} 1-0

[Event "BLR-ch 1st Stage Men 2020"]
[Site "Minsk"]
[Date "2020.02.01"]
[Round "5.1"]
[White "Yezhel, Valiantsin"]
[Black "Zarubitski, Viachaslau"]
[Result "1/2-1/2"]
[WhiteElo "2187"]
[BlackElo "2451"]
[Annotator "ChessBase"]
[PlyCount "86"]
[EventDate "2020.02.01"]
[EventType "swiss"]
[EventCountry "BLR"]
[SourceTitle "playchess.com"]
[Source "ChessBase"]
[SourceQuality "1"]
[TimeControl "40/5400+30:1800+30"]

1. d4 {[%emt 0:00:00]} d5 {[%emt 0:00:00]} 2. c4 {[%emt 0:00:14]} c6 {[%emt 0:00:00]} 3. Nc3 {[%emt 0:01:04]} Nf6 {[%emt 0:01:08]} 4. Nf3 {[%emt 0:00:13]} dxc4 {[%emt 0:01:01]} 5. a4 {[%emt 0:00:17]} Bf5 {[%emt 0:00:21]} 6. e3 {[%emt 0:00:45]} e6 {[%emt 0:00:10]} 7. Bxc4 {[%emt 0:00:06]} Bb4 {[%emt 0:00:03]} 8. O-O {[%emt 0:01:46]} Nbd7 {[%emt 0:00:05]} 9. Qe2 {[%emt 0:01:42]} Bg6 {[%emt 0:00:55]} 10. Bd3 {[%emt 0:02:42]} O-O {[%emt 0:00:40]} 11. e4 {[%emt 0:00:14]} Bh5 {[%emt 0:01:58]} 12. e5 {[%emt 0:01:24]} Nd5 {[%emt 0:00:05]} 13. Nxd5 {[%emt 0:00:16]} cxd5 {[%emt 0:00:04]} 14. Qe3 {[%emt 0:00:14]} Be7 {[%emt 0:10:04]} 15. Bd2 {[%emt 0:04:26]} Nb8 {[%emt 0:03:14]} 16. b4 {[%emt 0:14:19]} Bg6 {[%emt 0:01:10]} 17. Bxg6 {[%emt 0:00:14]} hxg6 {[%emt 0:00:40]} 18. b5 {[%emt 0:00:35]} a5 {[%emt 0:08:12]} 19. Qf4 {[%emt 0:11:25]} Nd7 {[%emt 0:02:51]} 20. Qg4 {[%emt 0:00:06]} Re8 {[%emt 0:08:30]} 21. h4 {[%emt 0:14:34]} Rc8 {[%emt 0:09:34]} 22. h5 {[%emt 0:01:22]} Nf8 {[%emt 0:23:31]} 23. g3 {[%emt 0:01:43]} Qc7 {[%emt 0:11:48]} 24. Rac1 {[%emt 0:02:22]} Qd7 {[%emt 0:00:12]} 25. Kg2 {[%emt 0:00:26]} Rxc1 {[%emt 0:01:41]} 26. Rxc1 {[%emt 0:00:04]} Rc8 {[%emt 0:03:50]} 27. Rh1 {[%emt 0:00:10]} Rc4 {[%emt 0:01:47]} 28. hxg6 {[%emt 0:00:40]} fxg6 {[%emt 0:01:08]} 29. Bg5 {[%emt 0:06:11]} Ba3 {[%emt 0:02:43]} 30. Qh4 {[%emt 0:01:52]} Kf7 {[%emt 0:00:19]} 31. Qf4+ {[%emt 0:03:32]} Kg8 {[%emt 0:00:33]} 32. Bd8 {[%emt 0:02:19]} Bc1 {[%emt 0:04:33]} 33. Rxc1 {[%emt 0:04:08]} Rxc1 {[%emt 0:01:09]} 34. Qxc1 {[%emt 0:00:03]} Qxd8 {[%emt 0:00:01]} 35. Qc5 {[%emt 0:00:21]} b6 {[%emt 0:01:11]} 36. Qc6 {[%emt 0:00:42]} g5 {[%emt 0:01:36]} 37. Qd6 {[%emt 0:03:35]} Qxd6 {[%emt 0:00:14]} 38. exd6 {[%emt 0:00:04]} Kf7 {[%emt 0:00:24]} 39. Nxg5+ {[%emt 0:02:14]} Ke8 {[%emt 0:00:32]} 40. f4 {[%emt 0:00:00]} Kd7 {[%emt 0:00:00]} 41. Nf7 {[%emt 0:01:03]} Nh7 {[%emt 0:01:53]} 42. Kf3 {[%emt 0:07:09]} Nf6 {[%emt 0:00:07]} 43. g4 {[%emt 0:00:45]} Ne4 {[%emt 0:00:38]} 1/2-1/2

[Event "BLR-ch 1st Stage Men 2020"]
[Site "Minsk"]
[Date "2020.02.01"]
[Round "5.2"]
[White "Tsaruk, Maksim"]
[Black "Siniauski, Artsiom"]
[Result "1/2-1/2"]
[WhiteElo "2316"]
[BlackElo "2265"]
[Annotator "NA"]
[PlyCount "91"]
[EventDate "2020.02.01"]
[EventType "swiss"]
[EventCountry "BLR"]
[SourceTitle "playchess.com"]
[Source "ChessBase"]
[SourceQuality "1"]
[TimeControl "40/5400+30:1800+30"]

1. e4 {[%emt 0:00:00]} e6 {[%emt 0:00:00]} 2. d4 {[%emt 0:00:00]} d5 {[%emt 0:00:00]} 3. Nd2 {[%emt 0:00:00]} c5 {[%emt 0:00:00]} 4. Ngf3 {[%emt 0:00:05]} cxd4 {[%emt 0:00:20]} 5. Nxd4 {[%emt 0:00:08]} Nf6 {[%emt 0:01:32]} 6. exd5 {[%emt 0:00:42]} Qxd5 {[%emt 0:03:07]} 7. Nb5 {[%emt 0:00:11]} Na6 {[%emt 0:02:49]} 8. Nc3 {[%emt 0:00:10]} Qe5+ {[%emt 0:01:55]} 9. Qe2 {[%emt 0:13:03]} Qxe2+ {[%emt 0:06:18]} 10. Bxe2 {[%emt 0:00:08]} Nb4 {[%emt 0:00:06]} 11. Bd1 {[%emt 0:00:10]} Be7 {[%emt 0:00:28]} 12. a3 {[%emt 0:01:23]} Nbd5 {[%emt 0:01:11]} 13. Nxd5 {[%emt 0:03:26]} Nxd5 {[%emt 0:00:17]} 14. Bf3 {[%emt 0:01:04]} O-O {[%emt 0:00:59]} 15. Bxd5 {[%emt 0:09:53]} exd5 {[%emt 0:00:07]} 16. Nb3 {[%emt 0:00:12]} Bf6 {[%emt 0:03:26]} 17. c3 {[%emt 0:00:15]} Re8+ {[%emt 0:02:48]} 18. Be3 {[%emt 0:02:59]} Bg5 {[%emt 0:01:17]} 19. Kd2 {[%emt 0:02:19]} Bxe3+ {[%emt 0:00:48]} 20. fxe3 {[%emt 0:00:06]} Bf5 {[%emt 0:01:48]} 21. Rhf1 {[%emt 0:02:32]} Be4 {[%emt 0:01:09]} 22. g3 {[%emt 0:01:14]} Re7 {[%emt 0:11:24]} 23. a4 {[%emt 0:04:18]} a5 {[%emt 0:09:51]} 24. Nd4 {[%emt 0:01:34]} h5 {[%emt 0:02:07]} 25. Ra3 {[%emt 0:09:43]} Ra6 {[%emt 0:08:04]} 26. Rb3 {[%emt 0:00:06]} h4 {[%emt 0:01:22]} 27. gxh4 {[%emt 0:10:11]} Rg6 {[%emt 0:02:53]} 28. Rf2 {[%emt 0:01:16]} Rg1 {[%emt 0:00:49]} 29. Rb5 {[%emt 0:03:40]} Rb1 {[%emt 0:01:03]} 30. Nf5 {[%emt 0:01:42]} Rd7 {[%emt 0:07:06]} 31. Ng3 {[%emt 0:00:54]} Re7 {[%emt 0:15:53]} 32. Rf1 {[%emt 0:08:05]} Rxf1 {[%emt 0:02:36]} 33. Nxf1 {[%emt 0:00:06]} Re6 {[%emt 0:00:07]} 34. Rxb7 {[%emt 0:02:37]} Rf6 {[%emt 0:04:52]} 35. Ke1 {[%emt 0:01:03]} Bd3 {[%emt 0:02:32]} 36. Ng3 {[%emt 0:01:34]} Rf3 {[%emt 0:00:15]} 37. Kd2 {[%emt 0:05:05]} Bc4 {[%emt 0:01:28]} 38. e4 {[%emt 0:05:42]} dxe4 {[%emt 0:01:26]} 39. Nxe4 {[%emt 0:00:51]} f6 {[%emt 0:00:14]} 40. b4 {[%emt 0:00:00]} Rd3+ {[%emt 0:00:00]} 41. Kc2 {[%emt 0:11:28]} Rh3 {[%emt 0:05:30]} 42. Nd2 {[%emt 0:02:54]} Bd3+ {[%emt 0:02:50]} 43. Kb3 {[%emt 0:00:37]} Rxh2 {[%emt 0:03:36]} 44. Nf3 {[%emt 0:02:34]} Rh3 {[%emt 0:01:20]} 45. Nd2 {[%emt 0:14:31]} Rh2 {[%emt 0:00:52]} 46. Nf3 {[%emt 0:03:37]} 1/2-1/2

[Event "BLR-ch 1st Stage Men 2020"]
[Site "Minsk"]
[Date "2020.02.01"]
[Round "5.3"]
[White "Podolchenko, Evgeniy"]
[Black "Strybuk, Artsiom I"]
[Result "1-0"]
[WhiteElo "2394"]
[BlackElo "2166"]
[Annotator "NA"]
[PlyCount "73"]
[EventDate "2020.02.01"]
[EventType "swiss"]
[EventCountry "BLR"]
[SourceTitle "playchess.com"]
[Source "ChessBase"]
[SourceQuality "1"]
[TimeControl "40/5400+30:1800+30"]

1. d4 {[%emt 0:06:01]} Nf6 {[%emt 0:00:00]} 2. Nf3 {[%emt 0:00:07]} g6 {[%emt 0:00:00]} 3. c4 {[%emt 0:00:10]} Bg7 {[%emt 0:00:05]} 4. Nc3 {[%emt 0:00:03]} d5 {[%emt 0:00:07]} 5. Bg5 {[%emt 0:01:18]} Ne4 {[%emt 0:02:06]} 6. cxd5 {[%emt 0:00:06]} Nxg5 {[%emt 0:13:20]} 7. Nxg5 {[%emt 0:02:36]} e6 {[%emt 0:00:11]} 8. Nf3 {[%emt 0:00:04]} exd5 {[%emt 0:00:13]} 9. e3 {[%emt 0:00:05]} O-O {[%emt 0:00:40]} 10. Be2 {[%emt 0:00:15]} c6 {[%emt 0:04:31]} 11. O-O {[%emt 0:00:08]} Bg4 {[%emt 0:03:48]} 12. Ne1 {[%emt 0:02:14]} Bxe2 {[%emt 0:02:46]} 13. Qxe2 {[%emt 0:00:03]} Qd6 {[%emt 0:06:22]} 14. Nd3 {[%emt 0:02:03]} Nd7 {[%emt 0:00:19]} 15. Rac1 {[%emt 0:07:13]} Rfe8 {[%emt 0:03:40]} 16. Qf3 {[%emt 0:02:41]} Nf6 {[%emt 0:08:49]} 17. Nc5 {[%emt 0:04:43]} b6 {[%emt 0:03:15]} 18. Na6 {[%emt 0:01:20]} Rac8 {[%emt 0:05:23]} 19. b4 {[%emt 0:06:22]} b5 {[%emt 0:14:43]} 20. a4 {[%emt 0:05:14]} bxa4 {[%emt 0:01:04]} 21. Ra1 {[%emt 0:00:36]} Nd7 {[%emt 0:02:10]} 22. Rxa4 {[%emt 0:02:22]} Nb6 {[%emt 0:00:15]} 23. Ra2 {[%emt 0:00:14]} Nc4 {[%emt 0:02:40]} 24. Nc5 {[%emt 0:05:04]} Ra8 {[%emt 0:02:03]} 25. b5 {[%emt 0:02:55]} cxb5 {[%emt 0:05:26]} 26. Nxb5 {[%emt 0:00:32]} Qc6 {[%emt 0:04:33]} 27. Nc3 {[%emt 0:01:35]} Nb6 {[%emt 0:04:17]} 28. Rfa1 {[%emt 0:00:38]} Re7 {[%emt 0:01:41]} 29. Ra6 {[%emt 0:00:33]} Bf8 {[%emt 0:01:52]} 30. g3 {[%emt 0:01:00]} Rc7 {[%emt 0:00:24]} 31. R1a5 {[%emt 0:01:56]} h5 {[%emt 0:04:17]} 32. Nb5 {[%emt 0:02:13]} Re7 {[%emt 0:02:11]} 33. Nxa7 {[%emt 0:00:27]} Qd6 {[%emt 0:00:20]} 34. Nb5 {[%emt 0:00:31]} Rxa6 {[%emt 0:00:09]} 35. Rxa6 {[%emt 0:00:18]} Qb8 {[%emt 0:00:45]} 36. Nc3 {[%emt 0:01:16]} Rc7 {[%emt 0:02:51]} 37. Nxd5 {[%emt 0:01:10]} 1-0

[Event "BLR-ch 1st Stage Men 2020"]
[Site "Minsk"]
[Date "2020.02.01"]
[Round "5.4"]
[White "Trifonov, Denis"]
[Black "Lazavik, Denis"]
[Result "0-1"]
[WhiteElo "2191"]
[BlackElo "2411"]
[Annotator "NA"]
[PlyCount "86"]
[EventDate "2020.02.01"]
[EventType "swiss"]
[EventCountry "BLR"]
[SourceTitle "playchess.com"]
[Source "ChessBase"]
[SourceQuality "1"]
[TimeControl "40/5400+30:1800+30"]

1. e4 {[%emt 0:01:41]} e5 {[%emt 0:00:00]} 2. Nf3 {[%emt 0:00:17]} Nc6 {[%emt 0:00:18]} 3. Bc4 {[%emt 0:00:44]} Bc5 {[%emt 0:01:11]} 4. O-O {[%emt 0:00:40]} Nf6 {[%emt 0:01:13]} 5. d4 {[%emt 0:00:26]} Bxd4 {[%emt 0:02:02]} 6. Nxd4 {[%emt 0:00:23]} Nxd4 {[%emt 0:00:17]} 7. Bg5 {[%emt 0:00:29]} d6 {[%emt 0:04:05]} 8. f4 {[%emt 0:02:35]} Be6 {[%emt 0:09:15]} 9. fxe5 {[%emt 0:04:26]} dxe5 {[%emt 0:01:07]} 10. Na3 {[%emt 0:00:07]} Qe7 {[%emt 0:02:37]} 11. c3 {[%emt 0:12:42]} Bxc4 {[%emt 0:00:33]} 12. Nxc4 {[%emt 0:00:08]} Ne6 {[%emt 0:00:21]} 13. Bxf6 {[%emt 0:01:05]} Qc5+ {[%emt 0:03:09]} 14. Kh1 {[%emt 0:00:24]} Qxc4 {[%emt 0:00:41]} 15. Bxe5 {[%emt 0:01:39]} O-O {[%emt 0:03:23]} 16. Qf3 {[%emt 0:26:08]} f6 {[%emt 0:10:36]} 17. Bg3 {[%emt 0:04:43]} Rad8 {[%emt 0:05:59]} 18. b3 {[%emt 0:04:00]} Qc6 {[%emt 0:01:10]} 19. Qe3 {[%emt 0:10:58]} Nc5 {[%emt 0:12:02]} 20. e5 {[%emt 0:15:06]} f5 {[%emt 0:00:52]} 21. Rad1 {[%emt 0:01:01]} Rxd1 {[%emt 0:12:14]} 22. Rxd1 {[%emt 0:00:10]} b6 {[%emt 0:00:20]} 23. c4 {[%emt 0:02:31]} Ne6 {[%emt 0:01:43]} 24. Be1 {[%emt 0:03:08]} f4 {[%emt 0:04:09]} 25. Qe2 {[%emt 0:02:46]} f3 {[%emt 0:03:03]} 26. gxf3 {[%emt 0:00:07]} Rxf3 {[%emt 0:00:15]} 27. Rd5 {[%emt 0:00:43]} Rf8 {[%emt 0:01:10]} 28. Bg3 {[%emt 0:00:20]} Qe8 {[%emt 0:01:11]} 29. Rd1 {[%emt 0:01:04]} Qg6 {[%emt 0:00:56]} 30. Qg2 {[%emt 0:00:19]} Qg4 {[%emt 0:01:06]} 31. Rf1 {[%emt 0:00:29]} Rxf1+ {[%emt 0:00:40]} 32. Qxf1 {[%emt 0:00:06]} Qe4+ {[%emt 0:00:08]} 33. Kg1 {[%emt 0:00:31]} Nd4 {[%emt 0:00:52]} 34. Qd1 {[%emt 0:01:15]} h6 {[%emt 0:01:36]} 35. h3 {[%emt 0:02:48]} Kh7 {[%emt 0:04:01]} 36. Qg4 {[%emt 0:01:11]} Qxg4 {[%emt 0:01:05]} 37. hxg4 {[%emt 0:00:06]} Ne2+ {[%emt 0:00:04]} 38. Kf2 {[%emt 0:00:05]} Nxg3 {[%emt 0:00:06]} 39. Kxg3 {[%emt 0:00:05]} g6 {[%emt 0:00:29]} 40. g5 {[%emt 0:00:00]} h5 {[%emt 0:00:00]} 41. e6 {[%emt 0:01:26]} Kg7 {[%emt 0:01:03]} 42. Kf4 {[%emt 0:02:43]} Kf8 {[%emt 0:00:29]} 43. Ke5 {[%emt 0:00:26]} Ke7 {[%emt 0:00:14]} 0-1

[Event "BLR-ch 1st Stage Men 2020"]
[Site "Minsk"]
[Date "2020.02.01"]
[Round "5.5"]
[White "Minald, Andrey"]
[Black "Pogosian, Manvel"]
[Result "0-1"]
[WhiteElo "2076"]
[BlackElo "2383"]
[Annotator "NA"]
[PlyCount "94"]
[EventDate "2020.02.01"]
[EventType "swiss"]
[EventCountry "BLR"]
[SourceTitle "playchess.com"]
[Source "ChessBase"]
[SourceQuality "1"]
[TimeControl "40/5400+30:1800+30"]

1. c4 {[%emt 0:01:14]} Nf6 {[%emt 0:01:11]} 2. Nf3 {[%emt 0:00:13]} e6 {[%emt 0:00:16]} 3. e3 {[%emt 0:00:44]} d5 {[%emt 0:00:27]} 4. b3 {[%emt 0:01:56]} c5 {[%emt 0:00:46]} 5. Bb2 {[%emt 0:00:08]} Nc6 {[%emt 0:00:12]} 6. cxd5 {[%emt 0:03:24]} exd5 {[%emt 0:00:33]} 7. h3 {[%emt 0:00:27]} Bd6 {[%emt 0:03:47]} 8. Be2 {[%emt 0:04:42]} O-O {[%emt 0:00:20]} 9. O-O {[%emt 0:00:07]} a6 {[%emt 0:09:29]} 10. d4 {[%emt 0:00:51]} cxd4 {[%emt 0:06:03]} 11. Nxd4 {[%emt 0:00:32]} Re8 {[%emt 0:00:09]} 12. Nxc6 {[%emt 0:12:31]} bxc6 {[%emt 0:00:01]} 13. Nc3 {[%emt 0:00:19]} Bb8 {[%emt 0:04:34]} 14. Na4 {[%emt 0:21:33]} Qd6 {[%emt 0:19:01]} 15. f4 {[%emt 0:00:19]} Rxe3 {[%emt 0:00:25]} 16. Bd4 {[%emt 0:01:51]} Ba7 {[%emt 0:01:22]} 17. Bxa7 {[%emt 0:17:39]} Rxa7 {[%emt 0:00:07]} 18. Qd4 {[%emt 0:00:09]} Rae7 {[%emt 0:09:11]} 19. Bf3 {[%emt 0:03:31]} Bf5 {[%emt 0:08:34]} 20. Nc5 {[%emt 0:02:45]} Ne8 {[%emt 0:02:20]} 21. Rac1 {[%emt 0:02:31]} Qg6 {[%emt 0:01:51]} 22. Kh2 {[%emt 0:03:37]} h5 {[%emt 0:01:08]} 23. Rc3 {[%emt 0:01:41]} Rxc3 {[%emt 0:01:17]} 24. Qxc3 {[%emt 0:00:01]} h4 {[%emt 0:00:20]} 25. Nxa6 {[%emt 0:04:04]} Bd3 {[%emt 0:01:52]} 26. Qb4 {[%emt 0:03:30]} Re6 {[%emt 0:02:04]} 27. Bg4 {[%emt 0:02:22]} f5 {[%emt 0:00:45]} 28. Nc5 {[%emt 0:09:47]} Bxf1 {[%emt 0:01:05]} 29. Nxe6 {[%emt 0:00:10]} Qxe6 {[%emt 0:00:05]} 30. Bf3 {[%emt 0:00:25]} Kh7 {[%emt 0:05:25]} 31. a4 {[%emt 0:00:39]} Nc7 {[%emt 0:00:57]} 32. Qf8 {[%emt 0:00:39]} Qd7 {[%emt 0:03:20]} 33. Bh5 {[%emt 0:01:25]} g6 {[%emt 0:00:21]} 34. Bd1 {[%emt 0:00:13]} Ne6 {[%emt 0:00:12]} 35. Qf6 {[%emt 0:00:11]} Qd6 {[%emt 0:01:14]} 36. Qxh4+ {[%emt 0:00:09]} Kg7 {[%emt 0:00:06]} 37. Qe1 {[%emt 0:00:43]} Ba6 {[%emt 0:04:22]} 38. g3 {[%emt 0:00:06]} d4 {[%emt 0:00:58]} 39. h4 {[%emt 0:00:10]} Nc5 {[%emt 0:02:44]} 40. Qe8 {[%emt 0:00:00]} Qe6 {[%emt 0:00:00]} 41. Qd8 {[%emt 0:00:53]} Qe3 {[%emt 0:07:48]} 42. Bf3 {[%emt 0:00:43]} Bf1 {[%emt 0:02:50]} 43. Bxc6 {[%emt 0:00:33]} Ne4 {[%emt 0:06:16]} 44. Qe7+ {[%emt 0:03:49]} Kh6 {[%emt 0:00:14]} 45. Bxe4 {[%emt 0:00:08]} Qxe4 {[%emt 0:00:16]} 46. Qf8+ {[%emt 0:00:21]} Kh5 {[%emt 0:00:14]} 47. g4+ {[%emt 0:00:04]} Kxg4 {[%emt 0:00:17]} 0-1